| 000 | 00837nam a2200277 a 4500 | ||
|---|---|---|---|
| 001 | 53639 | ||
| 003 | BD-RjUL | ||
| 005 | 20211209080008.0 | ||
| 008 | 161019r20092006ii a b 001 0 eng d | ||
| 020 | _a9780070620193 | ||
| 020 | _a0070620199 | ||
| 035 | _a(BD-RjUL)53761 | ||
| 040 |
_aDLC _cDLC _dDLC _dBD-RjUL _beng |
||
| 041 | _aeng | ||
| 082 | 0 | 0 |
_a658.0072 _223 _bCOB 2009 |
| 100 | 1 |
_aCooper, Donald R. _940459 |
|
| 245 | 1 | 0 |
_aBusiness research methods / _cDonald R. Cooper and Pamela S. Schindler |
| 250 | _a9th ed. | ||
| 260 |
_aNew Delhi : _bTata Mcgraw-hill Publishers, _cc2009 [printing 2009]. |
||
| 300 |
_axxiii, 757 p. : _bill. ; _c27 cm. |
||
| 500 | _aIncludes index. | ||
| 650 | 0 |
_aManagement _xResearch. _940460 |
|
| 650 | 0 |
_aBusiness _xResearch. _940461 |
|
| 700 |
_aSchindler, Pamela S. _9160294 |
||
| 942 |
_2ddc _cBK |
||
| 999 |
_c53639 _d53639 |
||